| 000 | 00535nam a2200193 4500 | ||
|---|---|---|---|
| 020 | _a9789390790050 | ||
| 082 |
_aM 894.812 _bBEE/M |
||
| 100 | _aBeena K | ||
| 245 |
_aMalayalam pareekshasahayi/ _cby Beena K |
||
| 250 | _a3rd ed. | ||
| 260 |
_aKozhikode: _bAtma books, _c2021. |
||
| 300 | _a640p. | ||
| 650 | _aMalayalam language literature | ||
| 650 | _aSouth Dravidian languages | ||
| 650 | _aDravidian literatures | ||
| 650 | _aLiteratures of Altaic, Uralic, and Dravidian languages | ||
| 650 | _aLiterature | ||
| 942 | _cBK | ||
| 999 |
_c181912 _d181912 |
||